000 00648nam a2200217 a 4500
005 20240806063940.0
008 151104s1945 mx r 000 0 spa d
020 _a9703223796
020 _a9703212220 (Obra completa)
035 _aUPN01000206533
049 _aF
050 4 _aPQ7297 V2.4
_bA4.6
100 1 _aValle-Arizpe, Artemio del,
_d1888-1961
_929459
245 1 0 _aAmor que cayó en castigo /
_cArtemio de Valle-Arizpe ; viñetas de Alberto Beltrán.
260 _aMéxico :
_bUNAM,
_c1945.
300 _a43 p.
440 0 _aLunes ;
_v17
650 4 _aLiteratura mexicana
_94466
650 4 _aCuentos mexicanos
_96937
905 _aLibro
999 _c178634
_d178634